=LDR 00000nam 2200000 4500 =001 INLIS000000000025334 =005 20130612123844 =008 ***********************************Ind** =035 ##$$0010-061300000025334 =041 ##$$a Ind =082 ##$$a 372 =090 ##$$a 372, Sya a =100 ##$$a Syachril, M =245 ##$$a Ayo menulis huruf sambung dan mewarnai, M. Syachril =260 ##$$a 2005 $b Jakarta =300 ##$$a 26 hlm, ilus, 30 cm =650 ##$$a Pendidikan dasar-menulis huruf =850 ##$$a NBPNMAT